| 000 | 00739nam a22001337a 4500 | ||
|---|---|---|---|
| 040 | _cRUA | ||
| 082 | _aGRS NGO 2017 B641 Or.1 | ||
| 100 | _aNGORL CHHANNY ង៉ោល ឆាន់នី | ||
| 245 | _acattle manure using on bunching onion at khnachromeas village neareay commune chhouk district kompot province ការប្រើប្រាស់ជីលាមកគោនៅលើដំណាំខ្ទឹមស្លឹកនៅភូមិខ្នាចរមាស ឃុំនារាយ ស្រុកឈូក ខេត្តកំពត | ||
| 260 |
_aRUA _bPhnom penh _c2017 |
||
| 300 |
_aix;26p _bill; _c29cm |
||
| 856 | _uhttps://drive.google.com/file/d/10T_6v-6GJ3l5h2DSXP4EP-TUd5f8MDVq/view?usp=sharing | ||
| 942 | _cGRS | ||
| 999 |
_c18094 _d18094 |
||